000 00752nam a2200253 a 4500
001 BRL_1813
005 20190320211359.0
008 050815s1984----mx-a######---#000-0#spa-#
020 _a9688220515
041 _aspa
044 _amx
050 4 _aF1221.P35
_b.C44 1984
100 1 _aChemin Bässler, Heidi
_927938
245 1 0 _aLos pames septentrionales de San Luis Potosi
_cHeidi Chemin Bäsler.
260 _aMéxico
_bInstituto Nacional Indigenista
_c1981
300 _a249 p.
_bil., mapas
_c22 cm.
440 0 _aColección SEP-INI
_pSerie Antropología Social
_v13
_927939
500 _aAu2080
504 _aBibliografía: p. 241-247.
650 1 4 _aPames
_927940
650 1 4 _aIndígenas de México
_94678
902 _aGRL
942 _2lcc
_cB
999 _c10621
_d10621